000 00485nam a2200181Ia 4500
001 25018
005 20260414151122.0
008 260414t2021||||xx |||||||||||||| ||spa||
041 _aESP
082 _a346.1
_bG74
100 _aGordley, James
_eAUT
245 3 _aAn introduction to the comparative study of private law :
_breadings, cases, materials
260 _c2021
300 _alviii, 672 páginas :
_c24 cm.
650 _aDER
654 _aCDE
942 _cLIB
_dJUS
_fJUS
_2ddc
_n
999 _c25018
_d25018